Stephen Spender (Record no. 38142)
[ view plain ]
| 000 -LEADER | |
|---|---|
| fixed length control field | 01720nam a2200349 a 4500 |
| 082 04 - DEWEY DECIMAL CLASSIFICATION NUMBER | |
| Classification number | 821/.912 |
| -- | B |
| 100 1# - MAIN ENTRY--AUTHOR NAME | |
| Personal name | Sutherland, John, |
| 245 10 - TITLE STATEMENT | |
| Title | Stephen Spender |
| 260 ## - PUBLICATION, DISTRIBUTION, ETC. (IMPRINT) | |
| Place of publication | Oxford [England] ; |
| -- | New York : |
| Name of publisher | Oxford University Press, |
| Year of publication | 2005. |
| 300 ## - PHYSICAL DESCRIPTION | |
| Number of Pages | 627 p. : |
| Other physical details | ill. |
| 500 ## - GENERAL NOTE | |
| General note | Originally published: London : Penguin Books, Ltd., 2004. |
| 505 0# - FORMATTED CONTENTS NOTE | |
| Formatted contents note | Ambitious son, failed father : 1909-30 -- The 1930s : Germany : the Tony Hyndman Years : Spain and after -- The 1940s : an Englishman again -- The 1950s : middle years, Mid-Atlantic -- The 1960s : young rebels and old rebel -- The 1970s : grandparent, not yet GOM -- The 1980s : retired, but not resigned -- The 1990s : 'Five years he shouldn't have had'. |
| 650 #0 - SUBJECT ADDED ENTRY--TOPICAL TERM | |
| Topical Term | Poets, English |
| Topical Term | Critics |
| 856 40 - ELECTRONIC LOCATION AND ACCESS | |
| Uniform Resource Identifier | http://site.ebrary.com/lib/rucke/Doc?id=10233590 |
No items available.
